000 00383 a2200169 4500
001 189772
020 _a978-85-7208-712-4
040 _cMagnum
100 _aAzevedo, Ricardo
240 1 0 _aO leão da noite estrelada
_lpor
245 1 0 _aO leão da noite estrelada
300 _a79
362 0 _a2011
440 1 _aFormato
697 _aLITERATURA INFANTO-JUVENIL
942 _cBK
999 _c189772
_d189772